000 01031nam a22002175i 4500
001 160355
003 ES-MaACL
005 20250804045006.0
008 011024s1857 fr |||| | fre d
040 _aCAM
_bspa
_cCAM
100 1 _aMunk, S.
_9130281
245 1 0 _aMélanges de philosophie juive et arabe /
_cpar S. Munk.
260 _aParis :
_bchez A. Franck, libraire,
_c1857 (
_fImprimerie Guiraudet et Jouaust)
300 _a536, [76] p. ;
_c23 cm.
505 8 _aPremière livraison renfermant des extraits méthodiques de la "Source de vie" de Salomon Ibn-Gebirol (dit Avicebron), traduits de l'arabe en hébreu par Schem-Tob Ibn-Falaquéra ; La traduction française de ces extraits... ; Une notice sur la vie et les écrits d'Ibn-Gebirol...
594 1 _aAl final en caracteres hebreos "Texte hebreu des extraits de la Source de vie"
650 0 7 _aFilosofía árabe
_2embne
_9136117
650 7 _aFilosofía judía
_2embne
_912856
852 _aES-MaACL
_jG-10198
_z-- Enc. hol.
999 _c160355
_d160355